00828nam a22002177a 450000500170000001000130001702000230003003500130005303700280006608200140009410000180010824500700012626000450019630000250024150001040026650000790037050000990044970000200054871000190056871000230058720210128114835.0 aB-129851 a0195667670c695.00 aB-129851 bOxford University Press a347.54017 aAgnes, Flavia aWomen and law in India :ban omnibus comprising /bycFlavia Agnes aNew DelhibOxford University Pressc2004 aVIII,V.P.c22CM (HB) aLaw and gender equality:the politics of women rights in India by Flavia Agnes. pg-xiv, 248.(Part 1) aHindu women and marrige law from sacrament to contract . pg- 177. (Part-3) aEnslaved Daughters Colonialism, law and women's rights by Sudhir Chandra. pg-xi. 249. (Part 2) aChandra, sudhir aBasu, Monmayee aEnslaved Daughters